[Event "81st ch-ESP 2016"]
[White "Perera Borrego, Mariela"]
[Black "Anton Guijarro, David"]
[Site "Linares ESP"]
[Result "0-1"]
[Date "2016.08.05"]
[WhiteElo "2157"]
[BlackElo "2627"]
[PlyCount "40"]

1. d4 Nf6 2. c4 e6 3. Nc3 Bb4 4. a3 Bxc3+ 5. bxc3 c5 6. e3 0-0 7. Bd3 Nc6 8. Ne2 b6 9. 0-0 Ba6 10. e4 Ne8 11. Ng3 f6 12. f4 cxd4 13. cxd4 Nxd4 14. Bb2 Nc6 15. Qg4 Qe7 16. Rad1 Na5 17. e5 f5 18. Nxf5 exf5 19. Bxf5 Rxf5 20. Qxf5 Rd8 0-1

[Event "81st ch-ESP 2016"]
[White "Vazquez Igarza, Renier"]
[Black "Guadamuro Torrente, Anabel"]
[Site "Linares ESP"]
[Result "1-0"]
[Date "2016.08.05"]
[WhiteElo "2589"]
[BlackElo "2150"]
[PlyCount "39"]

1. d4 d6 2. Nf3 Nf6 3. g3 g6 4. Bg2 Bg7 5. c4 0-0 6. Nc3 Nbd7 7. 0-0 e5 8. e4 Re8 9. Re1 exd4 10. Nxd4 a5 11. h3 Nc5 12. Bf4 Ne6 13. Nxe6 Bxe6 14. Bf1 Nd7 15. Rc1 g5 16. Be3 Ne5 17. Nd5 g4 18. hxg4 Bxg4 19. Be2 Bxe2 20. Qxe2 1-0

[Event "81st ch-ESP 2016"]
[White "Aparicio Garcia, Enrique"]
[Black "Forcen Esteban, Daniel"]
[Site "Linares ESP"]
[Result "1/2-1/2"]
[Date "2016.08.05"]
[WhiteElo "2141"]
[BlackElo "2561"]
[PlyCount "36"]

1. e4 c5 2. Nf3 d6 3. c3 Nf6 4. Be2 Nbd7 5. Qc2 Qc7 6. h3 b6 7. d3 Bb7 8. Bf4 g6 9. Nbd2 Bg7 10. a4 a6 11. 0-0 0-0 12. Rfe1 Rfe8 13. Bf1 e5 14. Bh2 d5 15. Rad1 h6 16. d4 cxd4 17. exd5 e4 18. Nxd4 Bxd5 1/2-1/2

[Event "81st ch-ESP 2016"]
[White "Alonso Rosell, Alvar"]
[Black "Gonzalez Fernandez, Pedro"]
[Site "Linares ESP"]
[Result "1-0"]
[Date "2016.08.05"]
[WhiteElo "2524"]
[BlackElo "1902"]
[PlyCount "95"]

1. d4 e6 2. c4 b6 3. e4 Bb7 4. Nd2 Bb4 5. Qc2 Qh4 6. Bd3 Bc8 7. Bf1 Qd8 8. Qd1 Bf8 9. Nb1 Bb7 10. Nd2 Bb4 11. Qc2 Qh4 12. Bd3 Bc8 13. Bf1 Qd8 14. Qd1 Bf8 15. Nb1 Bb7 16. Nd2 Bb4 17. Qc2 Qh4 18. Bd3 Bc8 19. Bf1 Qd8 20. Qd1 Bf8 21. Nb1 Bb7 22. Nd2 Bb4 23. Qc2 Qh4 24. Bd3 f5 25. Ngf3 Qg4 26. 0-0 Bxd2 27. h3 Qh5 28. Nxd2 Nc6 29. Qc3 fxe4 30. Bxe4 Nf6 31. Bf3 Qf7 32. d5 Nd8 33. Re1 c6 34. b3 0-0 35. dxe6 Nxe6 36. Ba3 Rfe8 37. Bd6 Ng5 38. c5 Ba6 39. Qd4 bxc5 40. Qxc5 Nxf3+ 41. Nxf3 Ne4 42. Qa3 Nxd6 43. Qxd6 Rxe1+ 44. Rxe1 Re8 45. Rxe8+ Qxe8 46. Ne5 Bc8 47. Qc7 h6 48. f4 1-0

[Event "81st ch-ESP 2016"]
[White "Andres Gonzalez, Alberto"]
[Black "Queirolo Perez, Manuel"]
[Site "Linares ESP"]
[Result "1-0"]
[Date "2016.08.05"]
[WhiteElo "2512"]
[BlackElo "2096"]
[PlyCount "67"]

1. Nf3 Nf6 2. c4 b6 3. g3 Bb7 4. Bg2 e6 5. 0-0 Be7 6. d4 c5 7. d5 exd5 8. Nh4 0-0 9. Nc3 d6 10. Nf5 Qd7 11. Nxe7+ Qxe7 12. Bg5 Nbd7 13. Bxd5 Bxd5 14. Nxd5 Qe5 15. Bf4 Qe6 16. Nc7 Qh3 17. f3 Rad8 18. Qc2 Ne5 19. Rad1 Nh5 20. Nd5 Rd7 21. Bxe5 dxe5 22. g4 Ng3 23. Rf2 f5 24. hxg3 e4 25. Rh2 Qxg3+ 26. Rg2 Qh4 27. Qc3 Rd6 28. gxf5 Rf7 29. Qe5 exf3 30. exf3 Rd8 31. Rg4 Qh6 32. Ne7+ Rxe7 33. Rxd8+ Kf7 34. Qd5+ 1-0

[Event "81st ch-ESP 2016"]
[White "Redondo Benavente, Ana"]
[Black "Arizmendi Martinez, Julen Luis"]
[Site "Linares ESP"]
[Result "0-1"]
[Date "2016.08.05"]
[WhiteElo "2088"]
[BlackElo "2496"]
[PlyCount "94"]

1. e4 e6 2. d4 d5 3. Bd3 c5 4. exd5 exd5 5. Nf3 c4 6. Be2 Bd6 7. 0-0 Ne7 8. b3 cxb3 9. axb3 Nbc6 10. Ba3 0-0 11. Bxd6 Qxd6 12. Na3 Bf5 13. Nb5 Qf6 14. c4 a6 15. Na3 Rad8 16. c5 Be4 17. Nc2 Bxc2 18. Qxc2 Nf5 19. Rfd1 Nfxd4 20. Nxd4 Nxd4 21. Qd3 Nc6 22. Rac1 Rfe8 23. Bf1 Re4 24. Qc3 Qxc3 25. Rxc3 Rb4 26. g3 d4 27. Rcd3 g6 28. f4 Kg7 29. Bg2 Na5 30. Bf1 Rd5 31. Bg2 Rxc5 32. Rxd4 Rxd4 33. Rxd4 Rc1+ 34. Kf2 Nxb3 35. Rb4 Nc5 36. Ke3 b5 37. Rb2 Rc3+ 38. Kd4 Rc4+ 39. Ke3 b4 40. Bf1 Rc3+ 41. Kd4 Ne6+ 42. Ke4 a5 43. Ra2 a4 44. Bb5 b3 45. Ra3 b2 46. Rxc3 b1=Q+ 47. Kf3 Qxb5 0-1

[Event "81st ch-ESP 2016"]
[White "Narciso Dublan, Marc"]
[Black "Buiza Prieto, Eihartze"]
[Site "Linares ESP"]
[Result "1-0"]
[Date "2016.08.05"]
[WhiteElo "2482"]
[BlackElo "2085"]
[PlyCount "49"]

1. d4 Nf6 2. c4 c5 3. d5 b5 4. cxb5 a6 5. bxa6 g6 6. Nc3 Bxa6 7. e4 Bxf1 8. Kxf1 d6 9. g3 Bg7 10. Kg2 0-0 11. Nge2 Nbd7 12. Qc2 Qb6 13. Rd1 Rfb8 14. Rb1 Ng4 15. h3 Nge5 16. b3 c4 17. Be3 Qc7 18. Bd4 Nd3 19. Bxg7 Kxg7 20. bxc4 Nb4 21. Qb3 Nc5 22. Nb5 Nxb3 23. Nxc7 Rxa2 24. Nc3 Ra3 25. N3b5 1-0

[Event "81st ch-ESP 2016"]
[White "Gonzalez De La Torre, Santiago"]
[Black "Gil Quilez, Sonia"]
[Site "Linares ESP"]
[Result "1-0"]
[Date "2016.08.05"]
[WhiteElo "2452"]
[BlackElo "2079"]
[PlyCount "99"]

1. e4 c6 2. d4 d5 3. Nc3 dxe4 4. Nxe4 Bf5 5. Ng3 Bg6 6. Bc4 e6 7. N1e2 Nf6 8. 0-0 Nd5 9. f4 Qd7 10. Bd3 Bxd3 11. Qxd3 g6 12. Ne4 Bg7 13. Qa3 Bf8 14. Qb3 Be7 15. Nc5 Bxc5 16. dxc5 Na6 17. c4 Ne7 18. Rd1 Qc7 19. Qc3 Rg8 20. Ng3 Rd8 21. Be3 Nf5 22. Ne4 h5 23. Bf2 Kf8 24. Qf6 Rd7 25. a3 Nb8 26. Nd6 Nxd6 27. cxd6 Qa5 28. c5 Qd8 29. Qxd8+ Rxd8 30. Bh4 Ke8 31. Bxd8 Kxd8 32. b4 Nd7 33. g3 Nf6 34. Kg2 Kd7 35. Kf3 Nd5 36. h3 g5 37. fxg5 Rxg5 38. g4 e5 39. gxh5 Rxh5 40. Kg4 Nf6+ 41. Kg3 Rg5+ 42. Kh2 e4 43. Rd4 Re5 44. Rf1 Re6 45. Rxf6 Rxf6 46. Rxe4 Rf3 47. h4 Rxa3 48. h5 Rf3 49. h6 Rf5 50. Rh4 1-0

[Event "81st ch-ESP 2016"]
[White "Alvarado Diaz, Alejandro"]
[Black "Fernandez Alvarez, Luis"]
[Site "Linares ESP"]
[Result "1-0"]
[Date "2016.08.05"]
[WhiteElo "2441"]
[BlackElo "2070"]
[PlyCount "47"]

1. Nf3 Nf6 2. d4 g6 3. c4 d6 4. Nc3 Bf5 5. h3 Ne4 6. Nxe4 Bxe4 7. Ng5 Bf5 8. e4 Bd7 9. Be3 Bg7 10. Qd2 0-0 11. f4 e5 12. 0-0-0 exf4 13. Bxf4 Nc6 14. Nf3 Re8 15. Re1 a5 16. Bg5 Qb8 17. Bh6 Bh8 18. h4 a4 19. h5 a3 20. b3 Qa7 21. hxg6 hxg6 22. e5 dxe5 23. dxe5 Bf5 24. Bf8 1-0

[Event "81st ch-ESP 2016"]
[White "Somalo Fernandez, Millan"]
[Black "Santos Ruiz, Miguel"]
[Site "Linares ESP"]
[Result "0-1"]
[Date "2016.08.05"]
[WhiteElo "2064"]
[BlackElo "2440"]
[PlyCount "112"]

1. e4 c5 2. Nf3 d6 3. d4 cxd4 4. Nxd4 Nf6 5. Nc3 a6 6. Be3 e5 7. Nb3 Be6 8. Qd2 Nbd7 9. f3 h5 10. 0-0-0 b5 11. Kb1 b4 12. Nd5 Bxd5 13. exd5 Nb6 14. Bxb6 Qxb6 15. Bc4 g6 16. Qe2 Bh6 17. f4 Ng4 18. fxe5 Nxe5 19. Nd4 0-0 20. Bb3 Rfe8 21. Rhe1 Re7 22. Qf1 Bg7 23. Nc6 Ree8 24. Qf4 Qb5 25. Rf1 f5 26. Nd4 Qc5 27. Ne6 Qb6 28. Qg5 Qb5 29. Rxf5 Kh7 30. Nxg7 Kxg7 31. Rf6 Qe2 32. c4 Rf8 33. Rxf8 Rxf8 34. Qd2 Qxd2 35. Rxd2 Nd7 36. Re2 Nc5 37. Kc2 a5 38. Kd2 Rf4 39. Ke3 Rf1 40. Kd2 Rb1 41. Kc2 Ra1 42. Re7+ Kf6 43. Re8 Kf7 44. Ra8 Rg1 45. Rxa5 Rxg2+ 46. Kd1 Rxh2 47. Bc2 h4 48. Ra7+ Kf6 49. Rh7 g5 50. a4 bxa3 51. bxa3 g4 52. Rh6+ Ke5 53. Rh5+ Kd4 54. Rg5 g3 55. Bf5 g2 56. Ke1 Ke5 0-1

[Event "81st ch-ESP 2016"]
[White "Suarez Gomez, Julio"]
[Black "Lopez de Turiso, Jose Angel"]
[Site "Linares ESP"]
[Result "1-0"]
[Date "2016.08.05"]
[WhiteElo "2429"]
[BlackElo "2064"]
[PlyCount "70"]

1. e4 e5 2. Nf3 Nc6 3. Bb5 a6 4. Bxc6 dxc6 5. 0-0 Ne7 6. Nxe5 Qd4 7. Qh5 g6 8. Nf3 Qxe4 9. Qa5 Bg4 10. Ng5 Qf5 11. Qc3 Qxg5 12. d3 Qh5 13. Qxh8 0-0-0 14. Qf6 h6 15. Qxf7 Nd5 16. Nc3 Bd6 17. f4 Bc5+ 18. Kh1 Nxc3 19. bxc3 Rf8 20. Qc4 Re8 21. d4 Be2 22. Qf7 Re7 23. Qg8+ Kd7 24. Rf2 Bd6 25. Bd2 g5 26. Re1 Bg4 27. Rxe7+ Kxe7 28. Rf1 Be2 29. Re1 gxf4 30. Qg7+ Ke8 31. Kg1 f3 32. Qxh6 Qg4 33. Qg5 Bxh2+ 34. Kxh2 Qxg5 35. Rh1 Qd8 1-0

[Event "81st ch-ESP 2016"]
[White "Garcia Roman, Daniel"]
[Black "Valina Martinez, Ramiro"]
[Site "Linares ESP"]
[Result "1-0"]
[Date "2016.08.05"]
[WhiteElo "2423"]
[BlackElo "2049"]
[PlyCount "128"]

1. d4 d5 2. c4 c6 3. e3 Nf6 4. Nf3 e6 5. Nbd2 Nbd7 6. Bd3 Bd6 7. 0-0 0-0 8. e4 e5 9. cxd5 cxd5 10. exd5 exd4 11. Ne4 Nxe4 12. Bxe4 Nf6 13. Bg5 h6 14. Bxf6 Qxf6 15. Qxd4 Qxd4 16. Nxd4 Re8 17. Bf3 Bd7 18. Rac1 Rac8 19. b3 Kf8 20. h3 a6 21. Rfd1 g6 22. Rxc8 Rxc8 23. Kf1 Re8 24. Bg4 f5 25. Bf3 Kf7 26. h4 Kf6 27. g3 g5 28. hxg5+ hxg5 29. Ne6 g4 30. Bg2 Bb5+ 31. Kg1 Rc8 32. Nd4 Bd7 33. Kf1 Re8 34. Ne6 Bb5+ 35. Kg1 Rc8 36. Nd4 Bd7 37. Kf1 Re8 38. Rc1 Ke5 39. Ne6 Rc8 40. Re1+ Kf6 41. Nd4 Bb4 42. Rd1 Bd6 43. Ke2 Rc3 44. Rd2 Ke5 45. Kd1 Ba3 46. Nc2 Bd6 47. Re2+ Kf6 48. Ne3 Bb5 49. Nc4 Bf8 50. Re6+ Kg5 51. Ne5 f4 52. gxf4+ Kxf4 53. Ng6+ Kf5 54. Re2 Bd7 55. Rd2 Bd6 56. Re2 b5 57. Kd2 Bb4 58. Kd1 Bd6 59. Re1 Rc8 60. Re8 Rxe8 61. a4 Rc8 62. Bf1 Re8 63. Nh8 Rxh8 64. Ke1 Bf8 1-0

[Event "81st ch-ESP 2016"]
[White "Vega Gutierrez, Sabrina"]
[Black "Barrios Munoz, Rafael Carlos"]
[Site "Linares ESP"]
[Result "1-0"]
[Date "2016.08.05"]
[WhiteElo "2408"]
[BlackElo "2026"]
[PlyCount "75"]

1. e4 d6 2. d4 Nf6 3. Nc3 e5 4. Nge2 Be7 5. f3 c6 6. Be3 b5 7. dxe5 dxe5 8. Qxd8+ Kxd8 9. a4 b4 10. Nb1 Be6 11. Nc1 Nfd7 12. a5 Kc7 13. c3 bxc3 14. Nxc3 f6 15. Kf2 Rd8 16. Be2 Nf8 17. Ra4 Nbd7 18. b4 a6 19. Nd3 Bg8 20. Rc1 Kb7 21. Bc5 Re8 22. Bxe7 Rxe7 23. Nc5+ Nxc5 24. bxc5 Kc7 25. Rb4 Nd7 26. Na4 Rb8 27. Nb6 Rb7 28. Bxa6 Ra7 29. Nc8 Rxa6 30. Nxe7 Be6 31. Rb6 Nb8 32. Nxc6 Nxc6 33. Rxa6 Bc8 34. Rb6 Nxa5 35. Ra1 Nc6 36. Ra8 Ne7 37. Ra7+ Kd8 38. Rd6+ 1-0

[Event "81st ch-ESP 2016"]
[White "Oviedo Rodriguez, Miguel Angel"]
[Black "Garriga Cazorla, Pere"]
[Site "Linares ESP"]
[Result "0-1"]
[Date "2016.08.05"]
[WhiteElo "2019"]
[BlackElo "2392"]
[PlyCount "86"]

1. Nf3 c5 2. c4 Nc6 3. Nc3 g6 4. d4 cxd4 5. Nxd4 Bg7 6. Nc2 Nf6 7. e4 0-0 8. Be2 d6 9. 0-0 Be6 10. Ne3 Rc8 11. f4 Na5 12. Qa4 a6 13. f5 Bd7 14. Qd1 b5 15. cxb5 axb5 16. Ned5 Nxd5 17. Nxd5 Bc6 18. f6 exf6 19. Bg4 Bxd5 20. Qxd5 Rc5 21. Qd3 Nc4 22. Bh3 Re8 23. b3 Ne5 24. Qd2 f5 25. Ba3 fxe4 26. Bxc5 dxc5 27. Qxd8 Rxd8 28. a4 Nd3 29. Ra2 c4 30. bxc4 Bd4+ 31. Kh1 bxc4 32. g4 c3 33. Bg2 e3 34. Bf3 Nb4 35. Re2 f5 36. gxf5 gxf5 37. Rg2+ Kh8 38. Bd1 Nd3 39. Rxf5 Nf2+ 40. Rgxf2 exf2 41. Kg2 Rg8+ 42. Kf1 Rg1+ 43. Ke2 Re1+ 0-1

[Event "81st ch-ESP 2016"]
[White "Garza Marco, Sergio"]
[Black "Prado Acebo, Ines"]
[Site "Linares ESP"]
[Result "1/2-1/2"]
[Date "2016.08.05"]
[WhiteElo "2391"]
[BlackElo "2000"]
[PlyCount "125"]

1. Nf3 d5 2. g3 Nf6 3. Bg2 Bg4 4. 0-0 Nbd7 5. c4 c6 6. cxd5 cxd5 7. Nc3 e6 8. d3 Be7 9. h3 Bxf3 10. Bxf3 Ne5 11. Bg2 0-0 12. Qb3 Qd7 13. Bd2 Nc6 14. Rac1 Rfd8 15. a3 Bd6 16. Bg5 Be5 17. Qa4 h6 18. Bd2 Qe7 19. b4 a6 20. Qd1 Nd7 21. e3 Bd6 22. Rb1 Nde5 23. f4 Nd7 24. Ne2 Rac8 25. Qb3 Bb8 26. Kh2 Ba7 27. a4 Qd6 28. Qb2 Ne7 29. g4 Qc6 30. Qa3 Qd6 31. Qa2 Rc7 32. Rbc1 Rdc8 33. Qb2 Qb6 34. Rxc7 Qxc7 35. Rc1 Qb8 36. Rxc8+ Qxc8 37. Bc3 f6 38. Qd2 Qc6 39. Bd4 Bb8 40. Qa2 Bd6 41. Qb3 Bb8 42. Kh1 Qc7 43. e4 Qc6 44. Be3 Kf8 45. Kg1 Qd6 46. Qc3 Qc6 47. Qxc6 bxc6 48. Nd4 Kf7 49. Nb3 Nc8 50. Kf2 Bd6 51. f5 Ne5 52. fxe6+ Kxe6 53. exd5+ cxd5 54. Nd4+ Kd7 55. Ke2 Bxb4 56. Bxd5 Ne7 57. Bb7 a5 58. Nb3 Kc7 59. Ba6 Nd5 60. Bd4 Nf4+ 61. Ke3 Nxh3 62. Bxe5+ fxe5 63. Ke4 1/2-1/2

[Event "81st ch-ESP 2016"]
[White "Ladron De Guevara Pinto, Paolo"]
[Black "Meco Benitez, Jose Luis"]
[Site "Linares ESP"]
[Result "1-0"]
[Date "2016.08.05"]
[WhiteElo "2369"]
[BlackElo "1988"]
[PlyCount "95"]

1. e4 d5 2. exd5 Qxd5 3. Nc3 Qa5 4. Bc4 Nf6 5. Nf3 Bf5 6. d3 e6 7. Bd2 c6 8. Nd5 Qd8 9. Nxf6+ gxf6 10. Qe2 Bc5 11. h3 Nd7 12. 0-0-0 Qb6 13. d4 Bb4 14. c3 Be7 15. Rhe1 0-0-0 16. Bf4 Rhe8 17. Bb3 Qa5 18. Nh4 Bg6 19. Nxg6 hxg6 20. Kb1 Nb6 21. Qf3 Nd5 22. Bd2 Qc7 23. c4 Nb4 24. Bf4 Qa5 25. a3 Qf5+ 26. Re4 Na6 27. g4 Qa5 28. Ree1 c5 29. d5 e5 30. Bd2 Qb6 31. h4 Rh8 32. h5 g5 33. Re3 Nc7 34. Rh1 Rh6 35. Ba4 Qa6 36. Qf5+ Kb8 37. Qc2 Na8 38. b4 b6 39. Bb5 Qc8 40. f3 Nc7 41. Ba4 Ne8 42. Rb3 Nd6 43. bxc5 Qxc5 44. Bb4 Qc7 45. c5 b5 46. cxd6 Qxc2+ 47. Kxc2 bxa4 48. Rbb1 1-0

[Event "81st ch-ESP 2016"]
[White "Gines Abad, Pedro"]
[Black "Matnadze, Ana"]
[Site "Linares ESP"]
[Result "0-1"]
[Date "2016.08.05"]
[WhiteElo "1970"]
[BlackElo "2355"]
[PlyCount "72"]

1. d4 Nf6 2. Nf3 e6 3. e3 b6 4. Bd3 Bb7 5. Nbd2 c5 6. 0-0 Be7 7. Qe2 Nd5 8. c4 Nb4 9. Bb1 d5 10. a3 N4c6 11. dxc5 bxc5 12. cxd5 exd5 13. Rd1 Ba6 14. Bd3 c4 15. Nxc4 dxc4 16. Bxc4 Qb6 17. b4 Bxc4 18. Qxc4 a6 19. Bb2 0-0 20. Qg4 g6 21. Rd5 Nd8 22. Rad1 Ne6 23. Nh4 Re8 24. Nf5 Bf8 25. Nd6 Nc6 26. Nxe8 Rxe8 27. h4 a5 28. b5 Ne7 29. Bd4 Nxd4 30. R5xd4 Qxb5 31. Rd8 Rxd8 32. Rxd8 Qc5 33. a4 Nc6 34. Qc8 Nxd8 35. Qxd8 Qb4 36. Qe8 Qe1+ 0-1

[Event "81st ch-ESP 2016"]
[White "Montoliu Cervero, Francisco"]
[Black "Boutahar Belgasi, Tarik"]
[Site "Linares ESP"]
[Result "1-0"]
[Date "2016.08.05"]
[WhiteElo "2346"]
[BlackElo "1966"]
[PlyCount "53"]

1. e4 c5 2. Nf3 d6 3. d4 cxd4 4. Nxd4 Nf6 5. Nc3 g6 6. Be3 Bg7 7. f3 0-0 8. Qd2 Nc6 9. 0-0-0 d5 10. exd5 Nxd5 11. Nxc6 bxc6 12. Bd4 e5 13. Bc5 Be6 14. Ne4 Re8 15. Bc4 Nf4 16. Qc3 Bxc4 17. Qxc4 Qc7 18. g4 Red8 19. g5 Rxd1+ 20. Rxd1 Ne6 21. c3 Rd8 22. Rxd8+ Qxd8 23. Be3 Qc7 24. Qa4 c5 25. Qe8+ Bf8 26. Nf6+ Kg7 27. Qxe6 1-0

[Event "81st ch-ESP 2016"]
[White "Hernando Rodrigo, Julio Antonio"]
[Black "Vallejo Pons, Francisco"]
[Site "Linares ESP"]
[Result "0-1"]
[Date "2016.08.06"]
[WhiteElo "2318"]
[BlackElo "2713"]
[PlyCount "120"]

1. d4 g6 2. c4 Bg7 3. Nc3 Nf6 4. e4 d6 5. Be2 0-0 6. Nf3 Bg4 7. 0-0 Nfd7 8. Be3 Nc6 9. d5 Bxf3 10. Bxf3 Na5 11. Be2 Bxc3 12. bxc3 e5 13. Bh6 Re8 14. f4 Nc5 15. fxe5 Qh4 16. Be3 Rxe5 17. Bd4 Rxe4 18. Bf3 Re5 19. Bxe5 dxe5 20. d6 c6 21. Qe2 e4 22. Bg4 b6 23. Rad1 Rd8 24. Rf2 Nd3 25. g3 Qg5 26. Qxe4 Nxf2 27. Qe7 Ne4 28. Qxe4 Qc5+ 29. Qd4 Rxd6 30. Qxc5 Rxd1+ 31. Bxd1 bxc5 32. Be2 Kg7 33. Kf2 Kf6 34. Ke3 Ke5 35. Kd3 Nb7 36. Bf3 Nd8 37. Ke3 f5 38. Bg2 Kd6 39. Bf3 Nf7 40. Kf4 Ne5 41. Be2 Ke6 42. Kg5 Nf7+ 43. Kf4 g5+ 44. Ke3 Ne5 45. h3 Nf7 46. Bf3 Nd6 47. Kd3 Kd7 48. Bg2 Nf7 49. Ke3 h6 50. Bf3 Kd6 51. Bh5 Ne5 52. Be2 Nd7 53. Bf3 Nf6 54. h4 g4 55. Bg2 Nh5 56. Kf2 Ke5 57. Bxc6 f4 58. gxf4+ Kxf4 59. Bd7 Nf6 60. Be6 Ne4+ 0-1

[Event "81st ch-ESP 2016"]
[White "Anton Guijarro, David"]
[Black "Suarez Uriel, Adrian"]
[Site "Linares ESP"]
[Result "1/2-1/2"]
[Date "2016.08.06"]
[WhiteElo "2627"]
[BlackElo "2311"]
[PlyCount "168"]

1. d4 Nf6 2. c4 g6 3. Nc3 d5 4. cxd5 Nxd5 5. e4 Nxc3 6. bxc3 Bg7 7. Qa4+ Nd7 8. Nf3 0-0 9. Be2 c5 10. 0-0 Qc7 11. Be3 a6 12. Qb3 b5 13. a4 Rb8 14. axb5 axb5 15. e5 e6 16. Bxb5 Bb7 17. Qc4 Bd5 18. Qe2 c4 19. Ba4 Be4 20. Bc2 Rb2 21. Rfc1 Rfb8 22. Ng5 Bd3 23. Qd1 Rxc2 24. Rxc2 h6 25. Nf3 Bxc2 26. Qxc2 Nb6 27. Nd2 Nd5 28. Ra4 Nb6 29. Rb4 Bf8 30. Rb5 Ra8 31. h4 Nd5 32. Ne4 Ra1+ 33. Kh2 f5 34. Qb2 Ra5 35. Rxa5 Qxa5 36. Nf6+ Nxf6 37. exf6 Qd8 38. Qb5 Qxf6 39. g3 g5 40. hxg5 hxg5 41. f4 Qh6+ 42. Kg2 g4 43. Kg1 Qh7 44. Qc6 Qe7 45. Qxc4 Qd7 46. Qd3 Qd5 47. Bf2 Qb3 48. Kf1 Bb4 49. Be1 Ba5 50. Ke2 Qd5 51. c4 Qg2+ 52. Bf2 Kf7 53. Qe3 Qc6 54. Qd3 Qg2 55. Qe3 Qc6 56. Qb3 Qe4+ 57. Kf1 Qh1+ 58. Bg1 Qe4 59. Qd1 Kg6 60. Qe2 Qb1+ 61. Kg2 Qb7+ 62. d5 Qd7 63. Qa2 Qd8 64. Bd4 exd5 65. cxd5 Bb6 66. Qc4 Bxd4 67. Qxd4 Qc7 68. d6 Qc6+ 69. Kg1 Qc1+ 70. Kf2 Qc2+ 71. Ke1 Qc1+ 72. Ke2 Qc2+ 73. Ke3 Qc1+ 74. Qd2 Qg1+ 75. Ke2 Qxg3 76. d7 Qf3+ 77. Ke1 Qh1+ 78. Ke2 Qf3+ 79. Ke1 Qh1+ 80. Kf2 Qf3+ 81. Kg1 Qg3+ 82. Kf1 Qf3+ 83. Kg1 Qg3+ 84. Kf1 Qf3+ 1/2-1/2

[Event "81st ch-ESP 2016"]
[White "Henderson de La Fuente, Lance"]
[Black "Vazquez Igarza, Renier"]
[Site "Linares ESP"]
[Result "0-1"]
[Date "2016.08.06"]
[WhiteElo "2306"]
[BlackElo "2589"]
[PlyCount "56"]

1. e4 c5 2. Nf3 Nc6 3. d4 cxd4 4. Nxd4 e6 5. Nc3 Qc7 6. g3 a6 7. Bg2 Nf6 8. 0-0 h5 9. h3 Bc5 10. Nb3 Ba7 11. Bf4 Ne5 12. Qe2 d6 13. Nd2 b5 14. a3 Bb7 15. Be3 Bxe3 16. Qxe3 Rc8 17. f4 Ned7 18. Nb3 0-0 19. a4 bxa4 20. Nxa4 e5 21. f5 d5 22. exd5 Nxd5 23. Qd2 e4 24. c4 N5f6 25. Qc3 Rfe8 26. Rfe1 Ne5 27. Nac5 Nf3+ 28. Bxf3 exf3 0-1

[Event "81st ch-ESP 2016"]
[White "Cuenca Jimenez, Jose Fernando"]
[Black "Perez Garcia, Alejandro"]
[Site "Linares ESP"]
[Result "0-1"]
[Date "2016.08.06"]
[WhiteElo "2541"]
[BlackElo "2305"]
[PlyCount "118"]

1. e4 e5 2. Nf3 d6 3. d4 exd4 4. Nxd4 Nf6 5. Nc3 Be7 6. Bf4 0-0 7. Qd2 d5 8. Ndb5 Bb4 9. exd5 Re8+ 10. Be2 Ne4 11. Qd3 Bf5 12. Qf3 Nd7 13. 0-0 Ne5 14. Bxe5 Rxe5 15. Bd3 Nxc3 16. bxc3 Bxd3 17. cxd3 Rxd5 18. Nxc7 Rxd3 19. Qe2 Bxc3 20. Rab1 Rd2 21. Qc4 Rc8 22. Qxc3 Rxc7 23. Qa5 b6 24. Qa6 h6 25. h3 Qd4 26. Qa3 Rcc2 27. Qf3 Rxa2 28. Rbe1 Qd5 29. Qf4 Qd8 30. Re3 Rd1 31. Rxd1 Qxd1+ 32. Kh2 Qd5 33. Re5 Qd7 34. Qe4 Qd6 35. f4 g6 36. Rd5 Qf6 37. Rd7 Ra5 38. Rc7 Kg7 39. Rc6 Qd8 40. Qe3 Rc5 41. Rxc5 bxc5 42. Qxc5 Qb6 43. Qc3+ Qf6 44. Qd2 h5 45. Qe3 a5 46. Qe4 Qf5 47. Qd4+ Kh7 48. Qc4 Kg8 49. Qd4 Qb5 50. Qd8+ Kh7 51. Qe7 Qf5 52. Qd6 a4 53. Qb4 Qc2 54. Qe7 Qc4 55. Qe5 a3 56. f5 a2 57. fxg6+ Kxg6 58. Qg3+ Kf5 59. Qa3 Qf4+ 0-1

[Event "81st ch-ESP 2016"]
[White "Ortega Lopez, Mikel"]
[Black "Alonso Rosell, Alvar"]
[Site "Linares ESP"]
[Result "0-1"]
[Date "2016.08.06"]
[WhiteElo "2299"]
[BlackElo "2524"]
[PlyCount "52"]

1. e4 e5 2. Nf3 Nc6 3. Bb5 a6 4. Ba4 g6 5. c3 d6 6. d4 Bd7 7. 0-0 Bg7 8. Re1 h6 9. dxe5 dxe5 10. Nbd2 Qe7 11. Qe2 Nf6 12. Bc2 0-0 13. Nb3 Be6 14. a4 Nd7 15. Nfd2 f5 16. exf5 gxf5 17. f4 e4 18. Nc4 Qf7 19. Nba5 Ndb8 20. Qd1 Rd8 21. Bd2 Nxa5 22. Nxa5 b6 23. Nb3 Nc6 24. Nc1 Bc4 25. Bb3 Na5 26. Ba2 Qd5 0-1

[Event "81st ch-ESP 2016"]
[White "Del Rio De Angelis, Salvador G."]
[Black "Escudero Manzano, Sergio"]
[Site "Linares ESP"]
[Result "1-0"]
[Date "2016.08.06"]
[WhiteElo "2522"]
[BlackElo "2290"]
[PlyCount "45"]

1. d4 Nf6 2. c4 e6 3. Nc3 b6 4. e4 Bb7 5. Bd3 Bb4 6. f3 Bxc3+ 7. bxc3 d5 8. cxd5 exd5 9. e5 Nfd7 10. f4 Qh4+ 11. g3 Qe7 12. Nf3 c5 13. 0-0 Nc6 14. f5 0-0-0 15. Re1 h6 16. Bf1 Rhe8 17. Bf4 Nf8 18. Bh3 f6 19. a4 Ba6 20. a5 Kb7 21. axb6 axb6 22. Qa4 Ra8 23. exf6 1-0

[Event "81st ch-ESP 2016"]
[White "Guerra Rivera, Salvador"]
[Black "Andres Gonzalez, Alberto"]
[Site "Linares ESP"]
[Result "1/2-1/2"]
[Date "2016.08.06"]
[WhiteElo "2285"]
[BlackElo "2512"]
[PlyCount "61"]

1. e4 c5 2. Nf3 d6 3. d4 cxd4 4. Nxd4 Nf6 5. f3 e5 6. Nb3 d5 7. Bg5 Be6 8. Bxf6 gxf6 9. exd5 Qxd5 10. Qxd5 Bxd5 11. Nc3 Be6 12. 0-0-0 Nc6 13. Bb5 Bh6+ 14. Kb1 Ke7 15. Nd5+ Bxd5 16. Rxd5 Rad8 17. Rhd1 Rxd5 18. Rxd5 Be3 19. c3 h5 20. Nd2 Bxd2 21. Rxd2 h4 22. Kc2 f5 23. b4 Rc8 24. Kb3 a6 25. Bc4 f4 26. a4 f5 27. Rd5 Rc7 28. Bd3 Ke6 29. Bc4 Ke7 30. Bd3 Ke6 31. Bc4 1/2-1/2

[Event "81st ch-ESP 2016"]
[White "Arizmendi Martinez, Julen Luis"]
[Black "Sanchez Aller, Fernando"]
[Site "Linares ESP"]
[Result "1-0"]
[Date "2016.08.06"]
[WhiteElo "2496"]
[BlackElo "2281"]
[PlyCount "77"]

1. e4 e5 2. Nf3 Nc6 3. d4 exd4 4. Nxd4 Nf6 5. Nxc6 bxc6 6. e5 Qe7 7. Qe2 Nd5 8. c4 Ba6 9. Nd2 g6 10. Nf3 Bg7 11. Bg5 Qb4+ 12. Qd2 Qxd2+ 13. Bxd2 Nb6 14. b3 0-0 15. 0-0-0 Rfe8 16. Bf4 c5 17. a4 Bb7 18. a5 d6 19. exd6 cxd6 20. axb6 axb6 21. Bd3 Ra1+ 22. Bb1 Be4 23. Kd2 Bxb1 24. Rxb1 Ra2+ 25. Kd3 Rxf2 26. Rbe1 Re6 27. Rhg1 Rb2 28. Rxe6 fxe6 29. Bxd6 Rxb3+ 30. Ke4 Rc3 31. Nd2 Bh6 32. Bf4 Bg7 33. Rb1 Bd4 34. Rxb6 Kf7 35. Rb7+ Kf6 36. Nf3 e5 37. Bxe5+ Bxe5 38. Nxe5 Rc2 39. Ng4+ 1-0

[Event "81st ch-ESP 2016"]
[White "Asis Gargatagli, Hipolito"]
[Black "Merario Alarcon, Andres"]
[Site "Linares ESP"]
[Result "1-0"]
[Date "2016.08.06"]
[WhiteElo "2487"]
[BlackElo "2262"]
[PlyCount "52"]

1. e4 c5 2. Nf3 d6 3. d4 cxd4 4. Nxd4 Nf6 5. Nc3 g6 6. Be2 Bg7 7. 0-0 0-0 8. Nb3 Nc6 9. Re1 a6 10. Bf1 b5 11. Bg5 Bb7 12. Qd2 Rc8 13. a4 b4 14. Nd5 Nxd5 15. exd5 Ne5 16. a5 Rc7 17. Rac1 Qa8 18. Qxb4 Bxd5 19. Qh4 Rfc8 20. Nd4 Rc4 21. c3 e6 22. Bf6 Ra4 23. Bxg7 Kxg7 24. Nxe6+ Kg8 25. Ra1 Rxa1 26. Rxa1 Rc7 1-0

[Event "81st ch-ESP 2016"]
[White "Plazuelo Pascual, Juan"]
[Black "Narciso Dublan, Marc"]
[Site "Linares ESP"]
[Result "0-1"]
[Date "2016.08.06"]
[WhiteElo "2256"]
[BlackElo "2482"]
[PlyCount "86"]

1. d4 d5 2. c4 c6 3. Nf3 Nf6 4. e3 Bf5 5. Nc3 e6 6. Bd3 Bg6 7. Qe2 Nbd7 8. 0-0 Ne4 9. Bxe4 dxe4 10. Nd2 Nf6 11. f3 exf3 12. Nxf3 Ne4 13. Nxe4 Bxe4 14. Ne5 Bg6 15. Qf3 Qc7 16. c5 f6 17. Nxg6 hxg6 18. Qf4 0-0-0 19. Qxc7+ Kxc7 20. Bd2 Bxc5 21. Bc3 Bd6 22. g3 Rh5 23. Kg2 Rdh8 24. Rh1 e5 25. Rae1 Re8 26. Rhf1 Kd7 27. b3 Reh8 28. Rh1 e4 29. h4 g5 30. hxg5 Rxh1 31. Rxh1 Rxh1 32. Kxh1 Bxg3 33. gxf6 gxf6 34. Kg2 Bh4 35. Kf1 Ke6 36. Kg2 f5 37. Kf1 Kd5 38. Ke2 Bg3 39. Bd2 Bc7 40. Be1 f4 41. exf4 Bxf4 42. Bc3 Bg5 43. Be1 Bf6 0-1

[Event "81st ch-ESP 2016"]
[White "Silva Rodriguez, Fernando"]
[Black "Gonzalez De La Torre, Santiago"]
[Site "Linares ESP"]
[Result "0-1"]
[Date "2016.08.06"]
[WhiteElo "2255"]
[BlackElo "2452"]
[PlyCount "54"]

1. d4 Nf6 2. c4 e6 3. Nf3 d5 4. Nc3 dxc4 5. e4 Bb4 6. Bxc4 Nxe4 7. 0-0 Nxc3 8. bxc3 Be7 9. Ne5 0-0 10. Qg4 Nc6 11. Re1 Nxe5 12. Rxe5 Bf6 13. Bf4 Bxe5 14. dxe5 f5 15. Qh5 Qe8 16. Qh4 b5 17. Bb3 Bb7 18. Re1 Qg6 19. Qh3 Rad8 20. Re3 Bd5 21. Bc2 Qg4 22. Qxg4 fxg4 23. Bg5 Rd7 24. Rg3 Bxa2 25. Rxg4 c5 26. h4 h5 27. Rg3 Bb1 0-1